Municípios da Região Metropolitana do Sudoeste Maranhense (MA) no mapa - Statistics

Estatísticas Gerais
  • Esse quiz foi jogado 45 vezes
    42 desde o último reset
  • A pontuação média é 7 de 22
Respostas no mapa
Respostas codificadas por cores de uma escala verde-vermelha no mapa do quiz de acordo com a % correta abaixo.
 
Estatísticas das Respostas
Município % Correto
Imperatriz
92%
Açailândia
83%
Carolina
67%
Amarante do Maranhão
58%
São Pedro da Água Branca
42%
Cidelândia
33%
Davinópolis
33%
Estreito
33%
Sítio Novo
33%
Vila Nova dos Martírios
33%
Governador Edison Lobão
25%
João Lisboa
25%
Buritirana
17%
Itinga do Maranhão
17%
Montes Altos
17%
Porto Franco
17%
São Francisco do Brejão
17%
São João do Paraíso
17%
Senador La Rocque
17%
Campestre do Maranhão
8%
Lajeado Novo
8%
Ribamar Fiquene
8%
Nenhum quiz correspondente encontrado
Distribuição das Pontuações
Porcentagem de Pessoas com Cada Pontuação
Percentil de Números Respondidos
Sua Pontuação Histórica
Você não jogou esse quiz desde o último reset